000 00335nam a2200121Ia 4500
008 230303s9999 xx 000 0 und d
041 _aeng
082 _a621.313 CLA
100 _aCLAYTON (ALBERT E) & HANCOCK (N.N.)
245 _aThe Performance and Design of Direct Current Machines
260 _aNew Delhi
_bCBS Pub.
365 _cRS
999 _c176215
_d176215